[Event "Barcelona Llobregat op 5th"]
[Site "Barcelona"]
[Date "2014.05.31"]
[Round "8"]
[White "Jodar Lazaro, Miquel Angel"]
[Black "Iglesias Santos, David"]
[Result "1-0"]
[WhiteElo "1952"]
[BlackElo "2088"]
[PlyCount "57"]
[EventDate "2014.04.05"]
[EventType "swiss"]
[EventRounds "8"]
[EventCountry "ESP"]
[SourceTitle "CBM 160 Extra"]
[Source "ChessBase"]
[SourceDate "2014.07.01"]
[SourceVersion "1"]
[SourceVersionDate "2014.07.01"]
[SourceQuality "1"]

1. e4 c5 2. Nc3 d6 3. Bc4 a6 4. a4 e6 5. d3 Nc6 6. Nge2 Nge7 7. Nf4 g6 8. Be3 Bg7 9. h4 h5 10. Qd2 Nd4 11. Ba2 Rb8 12. 0-0 Nec6 13. Nh3 Qxh4 14. f4 Qd8 15. Rae1 0-0 16. Nd1 Ne7 17. c3 Ndc6 18. Ndf2 b5 19. Ng5 b4 20. g4 h4 21. Nfh3 bxc3 22. bxc3 Qa5 23. Qf2 Bh6 24. Qxh4 Kg7 25. f5 gxf5 26. Nxe6+ Bxe6 27. Bxh6+ Kg8 28. Qg5+ Ng6 29. Qf6 1-0